000 00672nam a2200253Ia 4500
999 _c2696
_d2696
007 ta
008 230330t2017||||xxua ||gd|||||||1 ||eng||
020 _a9781549617218
_cRs. 1582.80
040 _aKO
_beng
041 0 _aeng
044 _axxu
082 0 4 _223
_a006.31
_bT3424
100 1 _aTheobald, Oliver
245 1 0 _aMachine learning for absolute beginers
_b: a plain english introduction /
_cOliver Theobald
250 _a2nd ed.
260 _a[USA]:
_bOliver Theobald,
_c2017
300 _a165 p. :
_bill. ;
_c23 cm.
650 0 _aComputer algorithms
650 0 _aData Mining
650 0 _aMachine learning
904 _aA_BOSE
942 _cBK